000 00306nam a2200121Ia 4500
008 220217s9999 xx 000 0 und d
245 0 _aGlossary for conveyor terms and definitions.
260 _c1967
500 _aStandard number: IS 4240
650 _aConveyor terms
650 _aGlossary
942 _cST
999 _c73772
_d73772